The science of hockey /

Bibliographic Details
Main Author: Wein, Horst
Format: Book
Language:English
German
Published: London : Pelham Books, 1979.
Edition:2d English ed.
Subjects:

MARC

Tag First Indicator Second Indicator Subfields
LEADER 00000cam a2200000 i 4500
001 in00000068073
005 20151008051333.0
008 800125s1979 enka 00010 eng d
020 |a 0720711495 
035 |a (OCoLC)05915500 
035 |9 AAG7268AM 
040 |a EEM  |c EEM  |d TXA  |d UtOrBLW 
041 1 |a eng  |a ger 
049 |a TXAM  |c [1421107] 
090 |a GV1017.H7  |b W413 1979 
100 1 |a Wein, Horst. 
240 1 0 |a Hockey: lernen und lehren. English 
245 1 4 |a The science of hockey /  |c Horst Wein ; translated from the German by David Belchamber. 
250 |a 2d English ed. 
264 1 |a London :  |b Pelham Books,  |c 1979. 
300 |a 232 pages :  |b illustrations ;  |c 23 cm. 
336 |a text  |b txt  |2 rdacontent 
337 |a unmediated  |b n  |2 rdamedia 
338 |a volume  |b nc  |2 rdacarrier 
500 |a Translation of Hockey: lernen und lehren. 
650 0 |a Field hockey  |x Coaching. 
999 |a MARS 
999 f f |s 2dcf12d5-8be3-37cc-ad20-50a10d04aceb  |i 4fc8b3d2-397e-3cd3-8e79-69f8ff9dd5e7  |t 0 
952 f f |p ric  |a Texas A&M University  |b Rellis Campus  |c Joint Library Facility  |d Remote Storage  |t 0  |e GV1017.H7 W413 1979  |h Library of Congress classification  |i unmediated -- volume  |m A14802483196 
998 f f |a GV1017.H7 W413 1979  |t 0  |l Remote Storage